Giải thích thuật ngữ kinh tế Anh Việt thông dụng
Guardat en:
| Autor principal: | |
|---|---|
| Format: | Llibre |
| Idioma: | Undetermined |
| Publicat: |
Hà Nội
Giao thông vận tải
1997
|
| Matèries: | |
| Etiquetes: |
Afegir etiqueta
Sense etiquetes, Sigues el primer a etiquetar aquest registre!
|
| Thư viện lưu trữ: | Trung tâm Học liệu Trường Đại học Cần Thơ |
|---|
| LEADER | 00581nam a2200205Ia 4500 | ||
|---|---|---|---|
| 001 | CTU_53189 | ||
| 008 | 210402s9999 xx 000 0 und d | ||
| 020 | |b 32000 | ||
| 082 | |a 330.03 | ||
| 082 | |b M312 | ||
| 100 | |a Hà, Quang Minh | ||
| 245 | 0 | |a Giải thích thuật ngữ kinh tế Anh Việt thông dụng | |
| 245 | 0 | |c Hà Quang Minh | |
| 260 | |a Hà Nội | ||
| 260 | |b Giao thông vận tải | ||
| 260 | |c 1997 | ||
| 650 | |a Economics | ||
| 650 | |x Terminology | ||
| 904 | |i Trọng Hải | ||
| 980 | |a Trung tâm Học liệu Trường Đại học Cần Thơ | ||